UBT Library

the soldiers (Record no. 1026)

000 -LEADER
fixed length control field 00539nam a22001817a 4500
008 - FIXED-LENGTH DATA ELEMENTS--GENERAL INFORMATION
fixed length control field 150610b xxu||||| |||| 00| 0 eng d
041 0# - LANGUAGE CODE
Language code of text/sound track or separate title eng
080 ## - UNIVERSAL DECIMAL CLASSIFICATION NUMBER
Universal Decimal Classification number 355.11
245 00 - TITLE STATEMENT
Title the soldiers
Statement of responsibility, etc by the editors of Time-Life Books with text by David Nevin.
260 ## -
-- New York :
-- Time-Life Books,
-- [1973]
300 ## -
-- 239 f. :
-- me il. :
-- 29 cm.
490 ## -
-- The Old West
500 ## -
-- Index: f. 236-240
650 #0 -
-- Indians of North America
650 #0 -
-- Indianët e Amerikës Veriore
700 1# -
-- Nevin, David,
942 ## - ADDED ENTRY ELEMENTS (KOHA)
Source of classification or shelving scheme
Item type Books
Holdings
Withdrawn status Lost status Source of classification or shelving scheme Damaged status Not for loan Collection code Permanent location Current location Shelving location Date acquired Total Checkouts Full call number Date last seen Price effective from Koha item type
          Koleksioni i përgjithshem UBT - Lipjan UBT - Lipjan Koleksioni i përgjithshem 06/10/2015   355.11 SOL 06/10/2015 06/10/2015 Books
UBT Library © 2015-2024. All rights reserved University Education for Business and Technology